School Stories (Record no. 79346)
[ view plain ]
| 000 -LEADER | |
|---|---|
| fixed length control field | 00423nam a22001817a 4500 |
| 005 - DATE AND TIME OF LATEST TRANSACTION | |
| control field | 20130913113153.0 |
| 010 ## - LCCN (DPL NO) | |
| LC control number | G-2230 |
| 020 ## - INTERNATIONAL STANDARD BOOK NUMBER | |
| International Standard Book Number | 9788184778731 |
| Terms of availability | 110.00 |
| 035 ## - SYSTEM CONTROL NUMBER | |
| System control number | G-2230 |
| 037 ## - SOURCE OF ACQUISITION | |
| Stock number | GIFT |
| 082 ## - DEWEY DECIMAL CLASSIFICATION NUMBER | |
| Classification number | S |
| 100 ## - MAIN ENTRY--PERSONAL NAME | |
| Personal name | Anand,Paro |
| 245 ## - TITLE STATEMENT | |
| Title | School Stories |
| Statement of responsibility, etc | by/Paro Anand |
| 260 ## - PUBLICATION, DISTRIBUTION, ETC. (IMPRINT) | |
| Place of publication, distribution, etc | Gurgaon |
| Name of publisher, distributor, etc | Scholastic |
| 300 ## - PHYSICAL DESCRIPTION | |
| Extent | 111p |
| Other physical details | ill. |
| Dimensions | 22cm(pbk) |
| 942 ## - ADDED ENTRY ELEMENTS (KOHA) | |
| Source of classification or shelving scheme | Dewey Decimal Classification |
| Item type | Children Books |
| Classification part | S |
| Call number prefix | ANA |
| Withdrawn status | Lost status | Not for loan | Collection code | Home library | Current library | Date acquired | Cost, normal purchase price | Full call number | Barcode | Copy number | Cost, replacement price | Koha item type |
|---|---|---|---|---|---|---|---|---|---|---|---|---|
| Fiction | Tri Nagar | Tri Nagar | 13/09/2013 | 110.00 | S | G-2230 | 1 | 110.00 | Children Books |
